Crops option for rainfed lowland condition in cambodia,(ការជ្រើសរើសមុខដំណាំអោយសមស្របក្នុងលក្ខខ័ណ្ឋតំបន់ដីទំនាបរំពឹងទឹកភ្លៀងនៅកម្ពុជា) (Record no. 570)

000 -LEADER
fixed length control field 00641nam a22001577a 4500
003 - CONTROL NUMBER IDENTIFIER
control field OSt
005 - DATE AND TIME OF LATEST TRANSACTION
control field 20150916114705.0
008 - FIXED-LENGTH DATA ELEMENTS--GENERAL INFORMATION
fixed length control field 150916b xxu||||| |||| 00| 0 eng d
040 ## - CATALOGING SOURCE
Transcribing agency RUA
082 ## - DEWEY DECIMAL CLASSIFICATION NUMBER
Classification number AGR SOR 2003 B029 Or.1
100 ## - MAIN ENTRY--PERSONAL NAME
9 (RLIN) 593
Personal name SOR SOCHEAT
245 ## - TITLE STATEMENT
Title Crops option for rainfed lowland condition in cambodia,(ការជ្រើសរើសមុខដំណាំអោយសមស្របក្នុងលក្ខខ័ណ្ឋតំបន់ដីទំនាបរំពឹងទឹកភ្លៀងនៅកម្ពុជា)
260 ## - PUBLICATION, DISTRIBUTION, ETC. (IMPRINT)
Place of publication, distribution, etc. phnom penh
Name of publisher, distributor, etc. RUA
Date of publication, distribution, etc. 2003
300 ## - PHYSICAL DESCRIPTION
Extent 56p.
Dimensions ill.
Size of unit 29cm.
942 ## - ADDED ENTRY ELEMENTS (KOHA)
Source of classification or shelving scheme
Koha item type AGR
Holdings
Price effective from Date last seen Permanent Location Not for loan Date acquired Date last checked out Source of classification or shelving scheme Total Checkouts Koha item type Barcode Lost status Damaged status Withdrawn status Current Location Full call number
2015-09-162015-09-16Library Block B 2015-09-16   AGR    Library Block BAGR SOR 2003 B029 Or.1
2015-09-162015-09-16Library Block B 2015-09-16   AGRRUA001198   Library Block BAGR SOR 2003 B029 Or.2
2015-09-162015-09-16Library Block B 2015-09-16   AGRRUA001126   Library Block BAGR SOR 2003 B029 Or.3
2015-09-162016-08-03Library Block B 2015-09-162016-08-02 1AGRRUA001270   Library Block BAGR SOR 2003 B029 Or.4
2015-09-162015-09-16Library Block B 2015-09-16   AGRRUA001342   Library Block BAGR SOR 2003 B029 Or.5
2015-09-162015-09-16Library Block B 2015-09-16   AGRRUA001414   Library Block BAGR SOR 2003 B029 Or.6
មជ្ឈមណ្ឌលឯការនៃសាកលវិទ្យាល័យភូមិន្ទកសិកម្មចំការដូង

Powered by Koha